Регионална библиотека "Любен Каравелов" - Русе

Приказки за подарък на мечтатели (Запис номер 136317)

MARC детайли
000 -Лидер
Контролно поле с фиксирана дължина 01239nam a2200325 c 4500
003 - Код на организацията, давaща контролен номер
Контролно поле BLK
005 - Дата и час на последна редакция
Контролно поле 20210105095533.0
008 - Елементи от данни с фиксирана дължина
fixed length control field 180409b bul|||||r ||||||| ||bul||
010 ## - Наследен системен номер
LC control number KNG00142258000
020 ## - Международен стандартен номер на книга ISBN
Международен стандартен номер на книга ISBN 978-954-655-260-0
040 ## - Източник на каталожния запис
Идентификатор на билиотеката - собственик на записа BLK
041 ## - Код за език
Код за езика на текст/звукозапис или на отделно заглавие Български
Код за езика КДБФ Български
072 #7 - Код за тематичната категория
Код организация bullib
Код за тематична категория Н83
Текст Чужда художествена литература Н
080 ## - УДК
Текстов определител УДК Аржентинска литература
УДК код - определител по УДК 821.134.2(82)
УДК определител -32
УДК - код + определител 821.134.2(82)-32
100 1# - Редна дума - Автор
Автор Марискал, Енрике
Авторска отговорност първи автор
R(LIN) 276697
139 ## - Редно поле
Редна дума Марискал, Енрике
Авторски знак Мари - М 31
245 10 - Сведения за заглавието
Заглавие Приказки за подарък на мечтатели
Редно поле (дума) Енрике Марискал; прев. Весела Ангелова.
257 ## - Страна на издаване
Страна на създаване/издаване Аржентина
260 ## - Област на издателските данни
Име на издателя, разпространителя и проч. Бард
Година на издаване 2011
Печатница Хасково : Полиграфюг
300 ## - Физическа характеристика
Страници 192 с.
Размери/Мащаб 20 см
380 ## - Жанр
Жанр Худож. лит.
500 ## - Общи забележки
Забележка Ориг. загл. Cuentos para regalar a personas sonadoras / Enrique Mariscal.
659 ## - Тематичен бюлетин
Тематичен бюлетин Н
700 1# - Други автори (авторска отговорност)
Лично име Ангелова, Весела
Автороска отговорност (Описва отношението между автора и произведението) прев.
9 (RLIN) 372689
852 ## - Местоположение
Форматна сигнатура Цб 259350
856 4# - Електронен адрес и достъп
Електронен формат pdf - файл
856 4# - Електронен адрес и достъп
Електронен формат pdf - файл
999 ## - СИСТЕМНИ КОНТРОЛНИ НОМЕРА
Koha biblionumber 136317
Koha biblioitemnumber 136317
942 ## - АРТИКУЛИ
Вид на библиотечния материал Книги
Скрит в OPAC Не
Koha issues (borrowed), all copies 3
944 ## - СЪЗДАВАНЕ И РЕДАКЦИЯ на ЗАПИСА
Създаване/Редакция Създаване
Дата на регистрацията/редакция 19.04.2013
Служител, извършил регистрацията/редакцията Милена_Ачева
944 ## - СЪЗДАВАНЕ И РЕДАКЦИЯ на ЗАПИСА
Създаване/Редакция Редакция
Дата на регистрацията/редакция 18.09.2013
999 ## - СИСТЕМНИ КОНТРОЛНИ НОМЕРА
Koha biblioitemnumber 136317
Наличности
Код за отписване Код за изгубен артикул Код за повреда Коз за рестрикции Код за отдаване Артикулен № Име на библиотеката - собственик Име на библиотеката, в която се намира в момента Статус (Текущо местоположение) Дата на вписване в системата Местоположение - отдел Цена в лева Инвентарен номер Систематично азбучна сигнатура Баркод Номер на екземпляра Цена в евро Служебна бележка Служебен тип на артикула Източник на класификационната схема
  Не е изгубен Не е повреден без рестрикции ползва се в читалня 222766 Регионална библиотека "Любен Каравелов" Русе Регионална библиотека "Любен Каравелов" Русе Хранилище 2013-04-17 Хранилище 9.99 120000765964 Цб 259350 120000765964 1 5.11 Дост: Dp Вид: Д N: 3 Дата: 23.01.2012 Книги  
  Не е изгубен Не е повреден без рестрикции заемане за дома 730916 Регионална библиотека "Любен Каравелов" Русе Регионална библиотека "Любен Каравелов" Русе Заемна - подръчен фонд 2019-07-18 Заемна - подръчен фонд 9.99   П 860(7/8)/М 31 120000834541   5.11   Книги Universal Decimal Classification
Vip Innovations Ltd, Rousse, Bulgaria 2025